000 00288nam a22001337a 4500
008 170412b xxu||||| |||| 00| 0 eng d
020 _a9780397518555
041 _aeng
080 _a618
100 _a10
101 _aSHM
245 _aAMBULATORY OBSTETRICS
_cHILL.C
942 _2udc
_cBK
999 _c10553
_d10553